000
00292nam a22001097a 4500
008
160423b xxu||||| |||| 00| 0 eng d
020
_a
0838588409
041
_a
eng
080
_a
618.2
245
_a
Technological fundations in nursing:
_c
Janet Beth McCann Flynn; Ritva Hackel;
942
_2
udc
_c
BK
999
_c
1541
_d
1541